000 nam a22 7a 4500
999 _c15430
_d15430
008 161101b xxu||||| |||| 00| 0 eng d
020 _a9781416606246
050 _aLC 1099 .R68 2008
100 _aRothstein- Fisch, Carries.
_d2008
245 _aManaging Diverse Classrooms:
_bHow to Build on Student's Culturtal Strengths/
_cCarrie Rothstein- Fisch and Elise Trumbull
260 _aUSA:
_bAssociation for Supervision and Curriculum Development,
_c2008.
300 _axxi,196p.:
_bill.;
521 _aIncludes bibliographical references and index.
650 _aMulticultural Education --United States.
650 _aClassroom Management--United States
700 _aTrumbull, Elise
942 _2lcc
_cBOOKS
_hLC 1099 .R68 2008